Normal view MARC view
  • Management Audit

Entry Topical Term

Number of records used in: 1

001 - CONTROL NUMBER

  • control field: 76563

003 - CONTROL NUMBER IDENTIFIER

  • control field: OSt

005 - DATE AND TIME OF LATEST TRANSACTION

  • control field: 20220806113110.0

008 - FIXED-LENGTH DATA ELEMENTS

  • fixed length control field: 220806|| aca||aabn | a|a d

040 ## - CATALOGING SOURCE

  • Original cataloging agency: OSt
  • Transcribing agency: OSt

150 ## - HEADING--TOPICAL TERM

  • Topical term or geographic name entry element: Management Audit

670 ## - SOURCE DATA FOUND

  • Source citation: Work cat.: (OSt)42510: Jadhavar, S. U. And Others 76562, Advanced Cost Accounting And Cost System - VI (Management Audit) M.Com.-II (Sem.-II), 2014